Sbírka příkladů z teorie práva

Gespeichert in:
Bibliographische Detailangaben
1. Verfasser: Večeřa, Miloš
Format: Buch
Sprache:Tschechisch
Veröffentlicht: Praha ASPI 2005
Schlagworte:
Tags: Tag hinzufügen
Keine Tags, Fügen Sie das erste Tag hinzu!

MARC

LEADER 00000nam a2200000 4500
001 0172007
005 20221207101313.7
020 |a 80-7357-116-1 
041 0 |a cze 
044 |a CZ 
245 1 0 |a Sbírka příkladů z teorie práva  |c Miloš Večeřa ... [et al.] 
264 1 |a Praha  |b ASPI  |c 2005 
300 |a 387 s. 
610 2 0 |a právo 
610 2 0 |a veda 
610 2 0 |a normy právne 
610 2 0 |a vzťahy právne 
610 2 0 |a zodpovednosť právna 
610 2 0 |a štát právny 
610 2 0 |a záruka 
100 1 |a Večeřa, Miloš